The art of thinking clearly. (Record no. 10121)

MARC details
000 -LEADER
fixed length control field 00324nam a22001217a 4500
008 - FIXED-LENGTH DATA ELEMENTS--GENERAL INFORMATION
fixed length control field 241218b |||||||| |||| 00| 0 eng d
020 ## - INTERNATIONAL STANDARD BOOK NUMBER
International Standard Book Number 9781444759549
100 ## - MAIN ENTRY--PERSONAL NAME
Personal name Dobelli, Rolf.
245 ## - TITLE STATEMENT
Title The art of thinking clearly.
260 ## - PUBLICATION, DISTRIBUTION, ETC.
Place of publication, distribution, etc. London :
Name of publisher, distributor, etc. Hodder& Stoughtin Ltd,
Date of publication, distribution, etc. 2013.
300 ## - PHYSICAL DESCRIPTION
Extent x, p.326;
Dimensions 18 Cm.
942 ## - Added entry Elements (Koha)
Source of classification or shelving scheme Dewey Decimal Classification
Holdings
Withdrawn status Lost status Source of classification or shelving scheme Damaged status Not for loan Collection code Home library Current library Shelving location Date acquired Serial Enumeration / chronology Total Checkouts Total Renewals Full call number Barcode Date last seen Date last checked out Price effective from Koha item type Public note
    Dewey Decimal Classification     Main TEST RTC Library RTC Library Main opac 18/12/2024 19097 5 8 153.4 DOB 30020252 18/03/2026 19/12/2025 18/12/2024 Main Donated by Dasho Tshewang Tandin (President of RTC)
Royal Thimphu College || All Right Reserved